Loading...
| History - European | 0 | 11 | 0 | 4 | 110 | 8 | 74.00 | 4 | 7 | 19.15 | 36.84 |
| History - World | 0 | 5 | 1 | 1 | 45 | 62 | 81.40 | 2 | 3 | 12.74 | 26.00 |
| Literature - World | 0 | 3 | 1 | 0 | 25 | 98 | 103.67 | 0 | 1 | 2.06 | 8.00 |
| Popular Culture | 0 | 2 | 0 | 0 | 20 | 19 | 28.00 | 1 | 2 | 30.13 | 36.00 |
| Fine Arts - Classical Music | 0 | 2 | 0 | 1 | 20 | 106 | 113.50 | 0 | 0 | 0.69 | 6.00 |
| Fine Arts - Painting and Sculpture | 0 | 2 | 0 | 1 | 20 | 97 | 107.00 | 0 | 1 | 0.10 | 10.00 |
| Literature - British | 0 | 2 | 0 | 0 | 20 | 88 | 94.50 | 0 | 2 | 2.60 | 5.71 |
| Philosophy | 0 | 2 | 0 | 1 | 20 | 24 | 65.50 | 1 | 1 | 9.59 | 15.00 |
| History - Other | 0 | 2 | 1 | 0 | 15 | 77 | 86.00 | 0 | 2 | 5.18 | 16.00 |
| Current Events | 0 | 1 | 0 | 0 | 10 | 58 | 58.00 | 0 | 1 | 17.22 | 26.67 |
| Mythology | 0 | 1 | 0 | 0 | 10 | 121 | 121.00 | 0 | 0 | 0.00 | 2.00 |
| Geography | 0 | 1 | 0 | 0 | 10 | 58 | 58.00 | 0 | 0 | 8.04 | 6.67 |
| History - American | 0 | 1 | 0 | 1 | 10 | 82 | 82.00 | 0 | 0 | 25.45 | 20.00 |
| Literature - European | 0 | 1 | 0 | 0 | 10 | 90 | 90.00 | 0 | 0 | 2.91 | 4.00 |
| Fine Arts - Other | 0 | 1 | 1 | 1 | 5 | 118 | 118.00 | 0 | 0 | 0.00 | 2.00 |
| Literature - American | 0 | 0 | 0 | 0 | 0 | 0.00 | 0 | 0 | 0.00 | 0.00 | |
| Religion | 0 | 0 | 1 | 0 | -5 | 0.00 | 0 | 0 | 0.00 | 0.00 | |
| Science - Chemistry | 0 | 0 | 1 | 0 | -5 | 0.00 | 0 | 0 | 0.00 | 0.00 |